El alma y las formas :
保存先:
| 第一著者: | |
|---|---|
| フォーマット: | 不明 |
| 出版事項: |
España : [editor no identificado],
1975.
|
| 主題: | |
| タグ: |
タグ追加
タグなし, このレコードへの初めてのタグを付けませんか!
|
MARC
| LEADER | 000000000a22000000004500 | ||
|---|---|---|---|
| 001 | 002858 | ||
| 082 | 0 | 4 | |a 801.95 |b L954a |
| 100 | 1 | |a Luckacs, Georg, |d 1885-1971 | |
| 245 | 1 | 3 | |a El alma y las formas : |d la teoría de la novela / |c Georg Luckács. |
| 260 | 1 | |a España : [editor no identificado], |c 1975. | |
| 300 | |a 420 páginas | ||
| 650 | 4 | |a LITERATURA MODERNA | |
| 650 | 4 | |a HISTORIA Y CRITICA | |
| 999 | |c 9201 |d 9201 | ||
| 942 | |c BK |h 801.95 L954a |2 z | ||
